[Event "San Francisco TNM Spring op"]
[Site "San Francisco"]
[Date "2015.04.21"]
[Round "6"]
[White "Magnuson, Gregory"]
[Black "Sainz, Guadalupe"]
[Result "0-1"]
[WhiteElo "1531"]
[BlackElo "1835"]
[PlyCount "82"]
[EventDate "2015.03.17"]
[EventType "swiss"]
[EventRounds "8"]
[EventCountry "USA"]
[SourceTitle "EXT 2016"]
[Source "ChessBase"]
[SourceDate "2015.10.08"]
[SourceVersion "1"]
[SourceVersionDate "2015.10.08"]
[SourceQuality "1"]

1. d4 Nf6 2. Nf3 b6 3. Nbd2 Bb7 4. e3 e6 5. Bd3 d5 6. a3 Bd6 7. 0-0 0-0 8. c3 Nbd7 9. Re1 Ne4 10. Qc2 f5 11. c4 c5 12. b3 Rf6 13. Bb2 Rh6 14. Ne5 Rxh2 15. Bxe4 Qh4 16. g3 Qh6 17. Bg2 Nf6 18. Ndf3 Ng4 19. Nxg4 Rxg2+ 20. Kxg2 fxg4 21. Rh1 gxf3+ 22. Kg1 Qg6 23. Qxg6 hxg6 24. Kf1 a5 25. a4 Rc8 26. Ke1 dxc4 27. Rh4 cxb3 28. e4 c4 29. Bc3 Bc6 30. Kd2 Be7 31. Rg4 g5 32. Ke3 Bd7 33. Kxf3 e5 34. dxe5 Bxg4+ 35. Kxg4 Bb4 36. Bxb4 axb4 37. Kf5 c3 38. Ke6 b2 39. Re1 c2 40. Kd7 c1Q 41. Rxc1 bxc1Q 0-1

[Event "San Francisco TNM Spring op"]
[Site "San Francisco"]
[Date "2013.05.07"]
[Round "8"]
[White "Sainz, Guadalupe"]
[Black "Thornally, Frank"]
[Result "0-1"]
[WhiteElo "1871"]
[BlackElo "2218"]
[PlyCount "34"]
[EventDate "2013.03.19"]
[EventType "swiss"]
[EventRounds "8"]
[EventCountry "USA"]
[SourceTitle "EXT 2016"]
[Source "ChessBase"]
[SourceDate "2015.10.08"]
[SourceVersion "1"]
[SourceVersionDate "2015.10.08"]
[SourceQuality "1"]

1. d4 Nf6 2. Nf3 c5 3. c4 cxd4 4. Bf4 d6 5. Nbd2 Nc6 6. Qb3 e5 7. Bg5 Be7 8. Bxf6 Bxf6 9. Ne4 Be7 10. Rd1 0-0 11. e3 Qa5+ 12. Nfd2 dxe3 13. fxe3 Rb8 14. Be2 Be6 15. a4 f5 16. Nc3 f4 17. Nd5 Bh4+ 0-1

[Event "San Francisco TNM Spring op"]
[Site "San Francisco"]
[Date "2013.04.16"]
[Round "5"]
[White "MacIntyre, Brendan"]
[Black "Sainz, Guadalupe"]
[Result "0-1"]
[WhiteElo "1655"]
[BlackElo "1871"]
[PlyCount "56"]
[EventDate "2013.03.19"]
[EventType "swiss"]
[EventRounds "8"]
[EventCountry "USA"]
[SourceTitle "EXT 2016"]
[Source "ChessBase"]
[SourceDate "2015.10.08"]
[SourceVersion "1"]
[SourceVersionDate "2015.10.08"]
[SourceQuality "1"]

1. d4 Nf6 2. c4 e6 3. Nc3 Bb4 4. e3 c5 5. a3 Bxc3+ 6. bxc3 0-0 7. Nf3 d5 8. Bd3 Nc6 9. 0-0 b6 10. cxd5 Qxd5 11. Re1 cxd4 12. exd4 h6 13. Qc2 Bb7 14. c4 Qh5 15. Bf4 Qg4 16. Bg3 Nxd4 17. Nxd4 Qxd4 18. Rad1 Qg4 19. h3 Qh5 20. Re5 g5 21. Qc1 Rfd8 22. f4 Ne4 23. fxg5 Nxg3 24. Re3 Rxd3 25. Rdxd3 Ne2+ 26. Rxe2 Qxe2 27. Rg3 Qe5 28. Rg4 h5 0-1

[Event "San Francisco TNM Spring op"]
[Site "San Francisco"]
[Date "2013.04.10"]
[Round "4"]
[White "Sainz, Guadalupe"]
[Black "Allen, Tom"]
[Result "1-0"]
[WhiteElo "1871"]
[BlackElo "1535"]
[PlyCount "81"]
[EventDate "2013.03.19"]
[EventType "swiss"]
[EventRounds "8"]
[EventCountry "USA"]
[SourceTitle "EXT 2016"]
[Source "ChessBase"]
[SourceDate "2015.10.08"]
[SourceVersion "1"]
[SourceVersionDate "2015.10.08"]
[SourceQuality "1"]

1. d4 Nf6 2. c4 e5 3. dxe5 Ng4 4. Nf3 Bc5 5. e3 Nc6 6. Be2 Ngxe5 7. Nc3 Nxf3+ 8. Bxf3 Ne5 9. Be2 d6 10. 0-0 0-0 11. b3 Bf5 12. Bb2 Qg5 13. Kh1 Ng6 14. Bf3 c6 15. g3 Ne5 16. Ne4 Bxe4 17. Bxe4 Ng4 18. Bf3 f5 19. h4 Qg6 20. Bd4 Bxd4 21. Qxd4 Nxf2+ 22. Rxf2 Qxg3 23. Rg2 Qh3+ 24. Kg1 Rf7 25. Qf4 Rf6 26. h5 g5 27. Qxg5+ Kf7 28. Qg7+ Ke6 29. Rg3 Qh4 30. Kg2 Rf7 31. Qg5 Qxg5 32. Rxg5 Kf6 33. Rg3 Re8 34. Kf2 Rfe7 35. Bd1 Rg7 36. Rxg7 Kxg7 37. Bc2 Kf6 38. Rg1 b6 39. h6 Re7 40. Kf3 a5 41. Kf4 1-0

[Event "San Francisco TNM Spring op"]
[Site "San Francisco"]
[Date "2013.04.02"]
[Round "3"]
[White "Donnelly, Patrick T"]
[Black "Sainz, Guadalupe"]
[Result "1-0"]
[WhiteElo "1643"]
[BlackElo "1871"]
[PlyCount "71"]
[EventDate "2013.03.19"]
[EventType "swiss"]
[EventRounds "8"]
[EventCountry "USA"]
[SourceTitle "EXT 2016"]
[Source "ChessBase"]
[SourceDate "2015.10.08"]
[SourceVersion "1"]
[SourceVersionDate "2015.10.08"]
[SourceQuality "1"]

1. e4 c5 2. Nf3 d6 3. d4 cxd4 4. Nxd4 Nf6 5. Nc3 a6 6. Be2 e5 7. Nf3 Be7 8. Be3 Be6 9. Qd2 Qc7 10. 0-0 h6 11. Rad1 Nbd7 12. Ne1 b5 13. f4 b4 14. Nd5 Bxd5 15. exd5 a5 16. fxe5 Nxe5 17. Bb5+ Nfd7 18. Qf2 0-0 19. Qg3 Ng6 20. Nd3 Bh4 21. Qf3 Rae8 22. Qh3 Re7 23. Kh1 Bf6 24. Bxd7 Rxd7 25. Bxh6 Bd4 26. Nf4 Bxb2 27. Nxg6 fxg6 28. Rxf8+ Kxf8 29. Rf1+ Bf6 30. Rxf6+ Kg8 31. Qe6+ Kh7 32. Rxg6 Qxc2 33. Be3 Rc7 34. Rg3 Qd1+ 35. Bg1 g6 36. Qxg6+ 1-0

[Event "San Francisco TNM Fall op"]
[Site "San Francisco"]
[Date "2008.12.09"]
[Round "9"]
[White "Sainz, Guadalupe"]
[Black "Chan, John"]
[Result "1-0"]
[WhiteElo "1883"]
[BlackElo "1629"]
[PlyCount "39"]
[EventDate "2008.10.14"]
[EventType "swiss"]
[EventRounds "10"]
[EventCountry "USA"]
[SourceTitle "EXT 2012"]
[Source "ChessBase"]
[SourceDate "2011.11.24"]
[SourceVersion "1"]
[SourceVersionDate "2011.11.24"]
[SourceQuality "1"]

1. d4 Nf6 2. c4 c6 3. Nf3 d6 4. Nc3 h6 5. e4 Bg4 6. Be2 Bxf3 7. Bxf3 e6 8. 0-0 Be7 9. Qe2 0-0 10. Rd1 Qc7 11. e5 Nfd7 12. Bf4 Na6 13. Be4 f5 14. Bc2 Nb6 15. exd6 Bxd6 16. Qxe6+ Kh8 17. Bxd6 Rf6 18. Qxf6 gxf6 19. Bxc7 Nxc7 20. c5 1-0

[Event "San Francisco TNM Fall op"]
[Site "San Francisco"]
[Date "2008.11.11"]
[Round "5"]
[White "Standen, Julian"]
[Black "Sainz, Guadalupe"]
[Result "1-0"]
[WhiteElo "1621"]
[BlackElo "1883"]
[PlyCount "111"]
[EventDate "2008.10.14"]
[EventType "swiss"]
[EventRounds "10"]
[EventCountry "USA"]
[SourceTitle "EXT 2012"]
[Source "ChessBase"]
[SourceDate "2011.11.24"]
[SourceVersion "1"]
[SourceVersionDate "2011.11.24"]
[SourceQuality "1"]

1. d4 Nf6 2. Nf3 e6 3. Bf4 c5 4. e3 Nc6 5. c3 Qb6 6. Qb3 Qd8 7. Nbd2 d5 8. Ne5 Nxe5 9. Bxe5 c4 10. Qc2 Be7 11. Be2 0-0 12. 0-0 Nd7 13. Bg3 f6 14. e4 b5 15. exd5 exd5 16. a4 bxa4 17. Rxa4 Nb6 18. Ra2 Bd6 19. Bxd6 Qxd6 20. b3 Be6 21. bxc4 Nxc4 22. Nxc4 dxc4 23. Rfa1 Qd7 24. Bf3 Rab8 25. Rxa7 Qb5 26. h3 Qg5 27. Qc1 Qg6 28. Kh2 Qd3 29. Re7 Rfe8 30. Raa7 Rxe7 31. Rxe7 Bf7 32. Qf4 Rf8 33. Qc7 Qf5 34. Be4 Qc8 35. Qxc8 Rxc8 36. Ra7 Kf8 37. Ra8 Rxa8 38. Bxa8 Ke7 39. Kg3 Kd6 40. Kf4 Be6 41. h4 h6 42. g3 g6 43. Be4 g5+ 44. Ke3 f5 45. Bf3 Kc7 46. d5 Bd7 47. Kd4 Bb5 48. Be2 gxh4 49. gxh4 Kd6 50. Bxc4 Ba4 51. Bd3 f4 52. c4 Be8 53. c5+ Kc7 54. Ke5 f3 55. Be4 Bh5 56. Kf4 1-0

[Event "San Francisco TNM Fall op"]
[Site "San Francisco"]
[Date "2008.11.04"]
[Round "4"]
[White "Allen, Tom"]
[Black "Sainz, Guadalupe"]
[Result "1/2-1/2"]
[WhiteElo "1538"]
[BlackElo "1883"]
[PlyCount "50"]
[EventDate "2008.10.14"]
[EventType "swiss"]
[EventRounds "10"]
[EventCountry "USA"]
[SourceTitle "EXT 2012"]
[Source "ChessBase"]
[SourceDate "2011.11.24"]
[SourceVersion "1"]
[SourceVersionDate "2011.11.24"]
[SourceQuality "1"]

1. e4 c5 2. b4 e6 3. Nf3 cxb4 4. d4 g6 5. a3 Nc6 6. axb4 Nxb4 7. Nc3 Bg7 8. Nb5 d5 9. e5 Bf8 10. Ba3 a6 11. Nd6+ Bxd6 12. exd6 Nc6 13. Qb1 Rb8 14. c3 Bd7 15. Bd3 Nf6 16. 0-0 0-0 17. Ne5 Nh5 18. f4 f6 19. Nxg6 hxg6 20. Bxg6 Ng7 21. Bh7+ Kh8 22. Qg6 Nf5 23. Qh5 Kg7 24. Qg6+ Kh8 25. Qh5 Kg7 1/2-1/2

[Event "San Francisco TNM Fall op"]
[Site "San Francisco"]
[Date "2008.10.28"]
[Round "3"]
[White "Sainz, Guadalupe"]
[Black "Chirila, Sergiu"]
[Result "0-1"]
[WhiteElo "1883"]
[BlackElo "1636"]
[PlyCount "64"]
[EventDate "2008.10.14"]
[EventType "swiss"]
[EventRounds "10"]
[EventCountry "USA"]
[SourceTitle "EXT 2012"]
[Source "ChessBase"]
[SourceDate "2011.11.24"]
[SourceVersion "1"]
[SourceVersionDate "2011.11.24"]
[SourceQuality "1"]

1. d4 d5 2. c4 c6 3. Nc3 Nf6 4. Nf3 Nbd7 5. Qc2 e6 6. e3 b6 7. Be2 dxc4 8. Bxc4 Bb7 9. Be2 Bd6 10. 0-0 Qc7 11. Bd2 0-0 12. Rac1 Rac8 13. Qb1 Qb8 14. h3 c5 15. Rfd1 cxd4 16. Nxd4 Nc5 17. Bf3 e5 18. Bxb7 exd4 19. Bxc8 dxc3 20. Bxc3 Rxc8 21. Qf5 Nfe4 22. Bd4 g6 23. Qg4 Nxf2 24. Kxf2 Nd3+ 25. Rxd3 Rxc1 26. Bc3 Rc2+ 27. Ke1 Be5 28. Qg5 Bxc3+ 29. bxc3 Qh2 30. Qd8+ Kg7 31. Qd4+ f6 32. Qf4 Qg1+ 0-1

[Event "San Francisco Chernev Memorial"]
[Site "San Francisco"]
[Date "2008.09.23"]
[Round "8"]
[White "Sainz, Guadalupe"]
[Black "Periwal, Prashant"]
[Result "0-1"]
[WhiteElo "1835"]
[BlackElo "1830"]
[PlyCount "74"]
[EventDate "2008.08.05"]
[EventType "swiss"]
[EventRounds "8"]
[EventCountry "USA"]
[SourceTitle "CBM 126 Extra"]
[Source "ChessBase"]
[SourceDate "2008.11.05"]
[SourceVersion "1"]
[SourceVersionDate "2008.11.05"]
[SourceQuality "1"]

1. d4 d5 2. c4 e6 3. Nc3 Nf6 4. Nf3 b6 5. cxd5 Nxd5 6. e4 Nxc3 7. bxc3 Bb7 8. Bd3 a6 9. 0-0 Nd7 10. Qa4 Be7 11. c4 0-0 12. Bb2 Nc5 13. dxc5 Qxd3 14. c6 b5 15. cxb5 axb5 16. Qd4 Qxd4 17. Nxd4 Ba6 18. Rfc1 Rfd8 19. f4 b4 20. Kf2 Bf6 21. Ke3 e5 22. fxe5 Bxe5 23. h4 Rd6 24. Rc5 Re8 25. g4 h6 26. Rac1 f6 27. Ra5 Bc8 28. Ra8 Kf7 29. Ra7 Re7 30. Ba1 Bxg4 31. Nb5 Rde6 32. Bxe5 Rxe5 33. Nxc7 Rxe4+ 34. Kf2 Re2+ 35. Kg1 Kg6 36. Rc4 Bh3 37. Rxb4 Rg2+ 0-1

[Event "San Francisco Chernev Memorial"]
[Site "San Francisco"]
[Date "2008.09.02"]
[Round "5"]
[White "Delaney, Will Fred"]
[Black "Sainz, Guadalupe"]
[Result "0-1"]
[WhiteElo "1800"]
[BlackElo "1835"]
[PlyCount "86"]
[EventDate "2008.08.05"]
[EventType "swiss"]
[EventRounds "8"]
[EventCountry "USA"]
[SourceTitle "CBM 126 Extra"]
[Source "ChessBase"]
[SourceDate "2008.11.05"]
[SourceVersion "1"]
[SourceVersionDate "2008.11.05"]
[SourceQuality "1"]

1. Nf3 Nf6 2. d4 e6 3. c3 b6 4. Bg5 Bb7 5. Nbd2 d5 6. e3 Be7 7. Bd3 0-0 8. 0-0 Nbd7 9. Re1 c5 10. Rc1 h6 11. Bh4 Rc8 12. Qe2 Ne4 13. Bxe7 Qxe7 14. Nf1 Ndf6 15. Ne5 cxd4 16. exd4 Nd7 17. f4 Nxe5 18. fxe5 f6 19. exf6 Rxf6 20. Bxe4 dxe4 21. Ne3 Bd5 22. c4 Bb7 23. Qh5 Rcf8 24. Qe5 Qb4 25. Re2 Ba6 26. b3 b5 27. Qxe4 bxc4 28. d5 Qa3 29. Rxc4 Bxc4 30. Qxc4 exd5 31. Qxd5+ Kh8 32. Qc4 Qa5 33. g3 Qb6 34. Kg2 Rf3 35. Qe4 R3f7 36. Ng4 Kg8 37. Qc4 Qb7+ 38. Kh3 Qd7 39. Re6 Qc8 40. Rc6 Qf5 41. Rc5 Qd7 42. Kh4 Kh8 43. Ne5 g5+ 0-1

[Event "San Francisco TNM Spring op"]
[Site "San Francisco"]
[Date "2006.04.04"]
[Round "2"]
[White "Sainz, Guadalupe"]
[Black "Traub, Igor Vladimirovich"]
[Result "1-0"]
[WhiteElo "1774"]
[BlackElo "2076"]
[PlyCount "61"]
[EventDate "2006.03.28"]
[EventType "swiss"]
[EventRounds "8"]
[EventCountry "USA"]
[SourceTitle "EXT 2007"]
[Source "ChessBase"]
[SourceDate "2006.11.23"]
[SourceVersion "1"]
[SourceVersionDate "2006.11.23"]
[SourceQuality "1"]

1. d4 Nf6 2. c4 e6 3. Nc3 b6 4. e4 Bb4 5. Bd3 Bb7 6. f3 0-0 7. Nge2 d5 8. 0-0 dxc4 9. Bxc4 Nbd7 10. Bg5 Be7 11. Qc2 c5 12. Rad1 Rc8 13. Bxf6 Nxf6 14. d5 exd5 15. exd5 a6 16. Bd3 g6 17. Be4 Bd6 18. f4 Ng4 19. Qd3 c4 20. Qf3 f5 21. h3 Bc5+ 22. Nd4 Nf6 23. Bc2 Nxd5 24. Kh1 Nxc3 25. Qxc3 Bxd4 26. Rxd4 Qf6 27. Re1 b5 28. a4 Rfe8 29. Red1 Be4 30. b3 Kg7 31. Rd7+ 1-0

[Event "San Francisco TNM Winter op"]
[Site "San Francisco"]
[Date "2006.01.31"]
[Round "4"]
[White "Sainz, Guadalupe"]
[Black "Hilliard, Michael"]
[Result "1-0"]
[WhiteElo "1694"]
[BlackElo "1465"]
[PlyCount "59"]
[EventDate "2006.01.10"]
[EventType "swiss"]
[EventRounds "7"]
[EventCountry "USA"]
[SourceTitle "EXT 2007"]
[Source "ChessBase"]
[SourceDate "2006.11.23"]
[SourceVersion "1"]
[SourceVersionDate "2006.11.23"]
[SourceQuality "1"]

1. d4 d5 2. c4 e6 3. Nc3 Nf6 4. Bg5 Nbd7 5. e3 c6 6. Nf3 Qa5 7. cxd5 cxd5 8. Bd3 Ne4 9. Qc2 Bb4 10. Rc1 Nxc3 11. bxc3 Bd6 12. 0-0 0-0 13. Bxh7+ Kh8 14. Bd3 b5 15. Qe2 a6 16. Ne5 g6 17. Ng4 f5 18. Nh6 Qc7 19. h4 Nf6 20. a4 Ne4 21. axb5 axb5 22. Bxb5 Nxc3 23. Qb2 Qa5 24. Bc6 Na4 25. Qc2 Ba6 26. Bxa8 Bxf1 27. Rxf1 Rxa8 28. Nf7+ Kg7 29. Nxd6 Qa6 30. Qc7+ 1-0

[Event "San Francisco MI Fall op"]
[Site "San Francisco"]
[Date "2005.12.20"]
[Round "8"]
[White "Sainz, Guadalupe"]
[Black "Bukh, Yefim"]
[Result "0-1"]
[WhiteElo "1679"]
[BlackElo "1928"]
[PlyCount "90"]
[EventDate "2005.11.08"]
[EventType "swiss"]
[EventRounds "8"]
[EventCountry "USA"]
[SourceTitle "EXT 2007"]
[Source "ChessBase"]
[SourceDate "2006.11.23"]
[SourceVersion "1"]
[SourceVersionDate "2006.11.23"]
[SourceQuality "1"]

1. d4 e6 2. c4 Bb4+ 3. Nc3 Bxc3+ 4. bxc3 f5 5. g3 d5 6. Bg2 c6 7. cxd5 exd5 8. Nf3 Nf6 9. Ba3 Nbd7 10. 0-0 Ne4 11. Qc2 Qa5 12. Bb4 Qa6 13. e3 Qc4 14. Rfd1 Qa6 15. Rab1 b5 16. Bf1 Qb6 17. a4 a6 18. h3 Kf7 19. axb5 cxb5 20. Nd2 Re8 21. Kg2 Qc7 22. Nxe4 fxe4 23. Qa2 Nf6 24. Qa3 Qd7 25. Kh2 Qf5 26. Rd2 Bd7 27. Bd6 Qh5 28. Qa5 Re6 29. Bc7 Rc8 30. Be2 Qf5 31. Kg2 Rc6 32. g4 Qg6 33. Bf4 h5 34. g5 h4 35. Kh2 Nh5 36. Bg4 Bxg4 37. hxg4 Nxf4 38. exf4 Qd6 39. Rc2 Qxf4+ 40. Kh3 Qf3+ 41. Kh2 h3 42. Rg1 Rxc3 43. Rg3 Qxg3+ 44. fxg3 Rxc2+ 45. Kxh3 Rh8# 0-1

[Event "San Francisco MI Fall op"]
[Site "San Francisco"]
[Date "2005.11.15"]
[Round "3"]
[White "Kleiman, Charles"]
[Black "Sainz, Guadalupe"]
[Result "1/2-1/2"]
[WhiteElo "1883"]
[BlackElo "1679"]
[PlyCount "127"]
[EventDate "2005.11.08"]
[EventType "swiss"]
[EventRounds "8"]
[EventCountry "USA"]
[SourceTitle "EXT 2007"]
[Source "ChessBase"]
[SourceDate "2006.11.23"]
[SourceVersion "1"]
[SourceVersionDate "2006.11.23"]
[SourceQuality "1"]

1. d4 Nf6 2. c4 e6 3. Nf3 b6 4. g3 Bb7 5. Bg2 d5 6. 0-0 dxc4 7. Qa4+ Nbd7 8. Qxc4 Be7 9. Nc3 0-0 10. Bf4 Bd6 11. Be3 a6 12. a4 Rc8 13. Rfd1 Qe7 14. Rab1 c5 15. dxc5 Nxc5 16. Qh4 Nd5 17. Qxe7 Bxe7 18. Nxd5 Bxd5 19. Bxc5 Rxc5 20. Nd2 Rd8 21. b4 Rc2 22. Bxd5 Rxd5 23. Nf1 Rxd1 24. Rxd1 Bxb4 25. Rd8+ Bf8 26. Rb8 Rb2 27. a5 b5 28. Ra8 Rxe2 29. Rxa6 g6 30. Rc6 Bb4 31. a6 Be1 32. f4 Ra2 33. Kh1 Bf2 34. g4 b4 35. Rc8+ Kg7 36. Rb8 Ra1 37. Kg2 Ra2 38. Kf3 Bc5 39. Rb5 Ra3+ 40. Ke2 Bd6 41. Rb6 Bf8 42. Nd2 Bc5 43. Rb5 Bg1 44. Nf3 Ra2+ 45. Kd3 Ra3+ 46. Ke2 Ba7 47. Ne5 Rxa6 48. Rxb4 Bg1 49. h3 Ra7 50. Kf3 h6 51. Rb3 Bh2 52. Rd3 Ra4 53. Rd7 Rxf4+ 54. Kg2 Kf6 55. Nxf7 e5 56. Nxh6 Rd4 57. Rxd4 exd4 58. Kxh2 d3 59. g5+ Kxg5 60. Ng4 Kf4 61. Kg2 d2 62. Nf2 Ke3 63. Kg3 g5 64. Kg2 1/2-1/2

[Event "San Francisco David Gee Memorial"]
[Site "San Francisco"]
[Date "2005.10.04"]
[Round "7"]
[White "Ossipov, Victor"]
[Black "Sainz, Guadalupe"]
[Result "1-0"]
[WhiteElo "2157"]
[BlackElo "1705"]
[PlyCount "96"]
[EventDate "2005.08.??"]
[EventType "swiss"]
[EventRounds "8"]
[EventCountry "USA"]
[SourceTitle "EXT 2007"]
[Source "ChessBase"]
[SourceDate "2006.11.23"]
[SourceVersion "1"]
[SourceVersionDate "2006.11.23"]
[SourceQuality "1"]

1. d4 Nf6 2. Nf3 b6 3. Bf4 e6 4. e3 Bb7 5. Nbd2 d5 6. Bd3 Bd6 7. 0-0 0-0 8. c3 Bxf4 9. exf4 Nbd7 10. f5 Re8 11. fxe6 Rxe6 12. Qc2 h6 13. Rfe1 Rxe1+ 14. Rxe1 c5 15. Nf1 Rc8 16. Ng3 Nf8 17. Qe2 Qe8 18. Qd2 Qd8 19. Bf5 Rb8 20. Qf4 Bc6 21. Ne5 Qd6 22. Qd2 Bb5 23. Bb1 Ne6 24. Nf5 Qf8 25. Bd3 Be8 26. Re3 Ng5 27. Qe2 cxd4 28. Nxd4 Nge4 29. f3 Ng5 30. h4 Ngh7 31. Bxh7+ Kxh7 32. Qa6 Ra8 33. Qb7 Rd8 34. Qxa7 Qc5 35. b4 Qd6 36. Qa6 g6 37. Qd3 Nh5 38. Ne2 Ra8 39. a3 Rxa3 40. Nxg6 fxg6 41. Rxe8 Qxb4 42. Qxg6+ Kxg6 43. cxb4 Rb3 44. Re6+ Kg7 45. Rxb6 Rb2 46. Kf1 Rb1+ 47. Kf2 Rb2 48. Ke3 Rb3+ 1-0